00484nam a22001457a 4500003000900000005001700009008004100026040001300067245004700080250001100127260002100138300001800159490002400177520013700201IT-RoPau20220918175943.0130222b xxu||||| |||| 00| 0 eng d cIT-RoPau aCostituzioni della Pia Società San Paolo a1° ed aRomabPSSPc1950 a198 p.c16 cm aEdizioni PaolinevI aIndice Parte prima Fine e membri della Società Parte seconda Vita e opere della Società Parte terza Governo della Società